[Event "Politiken Cup 33rd"]
[Site "Helsingor"]
[Date "2011.07.31"]
[Round "3"]
[White "Larsen, Poul M"]
[Black "Thybo, Jan"]
[Result "1-0"]
[WhiteElo "1653"]
[BlackElo "1042"]
[PlyCount "117"]
[EventDate "2011.07.30"]
[EventType "swiss"]
[EventRounds "10"]
[EventCountry "DEN"]
[SourceTitle "CBM 143 Extra"]
[Source "ChessBase"]
[SourceDate "2011.08.29"]
[SourceVersion "1"]
[SourceVersionDate "2011.08.29"]
[SourceQuality "1"]

1. Nf3 Nf6 2. c4 g6 3. g3 Bg7 4. Bg2 d6 5. d4 0-0 6. Nc3 e5 7. dxe5 dxe5 8. Qxd8 Rxd8 9. Nxe5 Nbd7 10. Nd3 Nb6 11. c5 Nbd5 12. Bd2 c6 13. 0-0 Nxc3 14. Bxc3 Bf5 15. Rad1 Re8 16. e3 Rad8 17. Nc1 Ne4 18. Bxg7 Kxg7 19. Nb3 Nf6 20. Na5 Rxd1 21. Rxd1 Rb8 22. b3 Be4 23. f3 Bd5 24. e4 Be6 25. Rd2 Nd7 26. b4 Ne5 27. f4 Nc4 28. Nxc4 Bxc4 29. a3 b6 30. Rd4 Bb5 31. e5 bxc5 32. bxc5 Re8 33. a4 Rb8 34. axb5 Rxb5 35. Rc4 a5 36. Bxc6 Rb1+ 37. Kf2 Kf8 38. Ba4 Ke7 39. Rd4 Rb4 40. Rxb4 axb4 41. c6 Kd8 42. Bb3 Kc7 43. Bxf7 Kxc6 44. Ke3 Kd7 45. Kd4 Ke7 46. Bb3 h5 47. h3 Kf8 48. g4 h4 49. f5 g5 50. Kc5 Ke7 51. Kxb4 Kf8 52. Kc5 Ke7 53. Kc6 Kf8 54. Kd7 Kg7 55. e6 Kf8 56. f6 Kg8 57. e7+ Kh7 58. Bc2+ Kh6 59. f7 1-0

[Event "Politiken Cup 33rd"]
[Site "Helsingor"]
[Date "2011.07.30"]
[Round "1"]
[White "Pimenta, Antonio"]
[Black "Thybo, Jan"]
[Result "1-0"]
[WhiteElo "2006"]
[BlackElo "1042"]
[PlyCount "77"]
[EventDate "2011.07.30"]
[EventType "swiss"]
[EventRounds "10"]
[EventCountry "DEN"]
[SourceTitle "CBM 143 Extra"]
[Source "ChessBase"]
[SourceDate "2011.08.29"]
[SourceVersion "1"]
[SourceVersionDate "2011.08.29"]
[SourceQuality "1"]

1. e4 e5 2. Nf3 Nc6 3. Nc3 Nf6 4. Bb5 a6 5. Bxc6 dxc6 6. Nxe5 Bb4 7. 0-0 0-0 8. d3 Bd6 9. Nc4 Be7 10. Bf4 h6 11. Re1 Bc5 12. Be3 Bd6 13. Nxd6 cxd6 14. h3 Nh7 15. Na4 f5 16. exf5 Bxf5 17. Nc3 Qh4 18. Ne4 Bxh3 19. gxh3 Qxh3 20. Ng3 Rf6 21. Qh5 Ng5 22. Qxh3 Nxh3+ 23. Kg2 Ng5 24. Ne4 Nxe4 25. dxe4 Rg6+ 26. Kf1 Rf8 27. Ke2 Re6 28. Kd3 g5 29. Rg1 Rg6 30. f4 g4 31. f5 Rgf6 32. Rxg4+ Kh7 33. Rag1 R8f7 34. Bd4 h5 35. Rh4 Rh6 36. Be3 d5 37. Bxh6 dxe4+ 38. Kxe4 Kxh6 39. Rg6+ 1-0